| 000 | 00486nam a22001697a 4500 | ||
|---|---|---|---|
| 005 | 20250213145257.0 | ||
| 008 | 250213b |||||||| |||| 00| 0 eng d | ||
| 020 | _a9780071772495 | ||
| 082 |
_a658.478 _bBOD-R |
||
| 100 | _aBodmer, Sean | ||
| 245 |
_aReverse Deception : _bOrganized Cyber Threat Counter-Exploitation / _cDr Max Kilger |
||
| 260 |
_aUSA: _bElsevier; _c2012. |
||
| 300 |
_axiv, 418 p. : _bill; _c24 cm. |
||
| 500 | _ainclude index. | ||
| 650 | _aSecurity | ||
| 999 |
_c36852 _d36852 |
||